| 000 | 00802nam a2200241 i 4500 | ||
|---|---|---|---|
| 001 | 62242 | ||
| 003 | ES-MaACL | ||
| 005 | 20230906164631.0 | ||
| 007 | t| | ||
| 008 | 031119s1981 sp ||||1| spa d | ||
| 100 | 1 |
_aFeigl, Herbert. _949102 |
|
| 245 | 1 | 3 |
_aEl legado del positivismo lógico / _cHerbert Feigl, Stephen E. Toulmin ; traducción de Antonio V. Cabo Martí y Javier García Raffi. |
| 260 |
_a[Valencia] : _bRevista Teorema, _c1981. |
||
| 300 |
_a78 p. ; _c19 cm. |
||
| 490 | 1 |
_aCuadernos Teorema ; _v29 |
|
| 700 | 1 |
_aToulmin, Stephen Edelston. _9111127 |
|
| 700 | 1 |
_aCabo Martí, Antonio V. _933236 |
|
| 700 | 1 |
_aGarcía Raffi, Javier. _955148 |
|
| 830 | 1 |
_aCuadernos Teorema ; _v29 _9180999 |
|
| 852 | 4 |
_aES-MaACL _jL-1700 |
|
| 852 | 4 |
_aES-MaACL _jL-1702 |
|
| 999 |
_c62242 _d62242 |
||